00753cam a2200169 a 450000500170000000800410001705000210005810000320007924501290011125000120024026001170025230000230036950400420039260001040043465000220053865000230056020150619131153.0150617b mx ||||| |||| 00| 0 spa d04aB2137 bG66 19721 aGonzález, Carlos Ignacio.10aJuan Jacobo Rousseau, metafísico de la naturaleza humana :banatomía del hombre político /cCarlos Ignacio González. a1a. ed. aOaxaca, Oaxaca, México :bUniversidad Autónoma Benito Juárez de Oaxaca, Centro de Investigaciones, c1972. a243 p. ; c21 cm.  aBibliografía: p. 239-243 e índice172LEMBaRousseau, Jean-Jacques, d[1712-1778],q[Juan Jacobo Rousseau],xCrítica e interpretación 72LEMBaFilosofía 72LEMBaMetafísica